Places Pitbull wants you to get Krazy Quiz Stats

 Plays Quiz not verified by Sporcle

Challenge
Share
Tweet
Embed
Score 0/12 Timer 05:00
0 Plays Today
countries/states Pitbull mentions in the % Correct
New York
82.4%
Miami
77.3%
L.A.
75.6%
London
54.6%
Paris
53.8%
Rome
48.7%
Atlanta
47.9%
Japan
37%
Jamaica
35.3%
Australia
31.9%
Trini
30.3%
Ibizas
10.9%

You're not logged in!

Compare scores with friends on all Sporcle quizzes.
OR
Log In

You Might Also Like...

Show Comments

Extras

Top Quizzes Today


Score Distribution

Your Account Isn't Verified!

In order to create a playlist on Sporcle, you need to verify the email address you used during registration. Go to your Sporcle Settings to finish the process.

Report this User

Report this user for behavior that violates our Community Guidelines.

Details: